[Event "Slavik 2003"]
[Site "?"]
[Date "2003.06.21"]
[Round "6.1"]
[White "Zavodsky"]
[Black "Brazdil"]
[Result "1/2-1/2"]
[WhiteElo "1773"]
[BlackElo "2167"]
[PlyCount "149"]
[EventDate "2003.06.18"]

{1MB, Fritz4.ctg
} 1. d4 Nf6 2. c4 e6 3. Nf3 c5 4. Nc3 cxd4 5. Nxd4 Be7 6. e3
O-O 7. Be2 d5 8. cxd5 Nxd5 9. Nxd5 Qxd5 10. Bf3 Qc5 11. Bd2 e5 12. Nb3 Qb6 13.
Ba5 Qg6 14. g3 Nc6 15. O-O Nxa5 16. Nxa5 e4 17. Bg2 b6 18. Nc4 Rd8 19. Qc2 Bb7
20. Rfd1 Rac8 21. Rxd8+ Rxd8 22. Nd2 Qe6 23. Nxe4 Rc8 24. Nc3 Bxg2 25. Kxg2 Bf6
26. Rc1 g6 27. a3 Rc5 28. h3 Rh5 29. g4 Rc5 30. Qd2 Qc6+ 31. f3 h5 32. Ne2 Rxc1
33. Nxc1 h4 34. Nd3 Qd6 35. f4 Bxb2 36. Qxb2 Qxd3 37. Kf2 Qd6 38. Qc3 Qe6 39.
Kf3 Qd5+ 40. e4 Qd6 41. Ke3 b5 42. e5 Qd1 43. Ke4 Qh1+ 44. Kd4 Qg1+ 45. Ke4
Qg2+ 46. Kd4 Qg3 47. Qe3 Kf8 48. f5 Ke8 49. Ke4 gxf5+ 50. gxf5 Qxe3+ 51. Kxe3
Kd7 52. Kd3 a5 53. Kd4 Kc6 54. f6 Kd7 55. Kc5 b4 56. axb4 axb4 57. Kxb4 Ke6 58.
Kc4 Kxe5 59. Kd3 Kxf6 60. Ke4 Kg5 61. Ke3 Kf5 62. Kf3 f6 63. Ke3 Ke5 64. Kf3 f5
65. Ke3 f4+ 66. Kd3 Kd5 67. Ke2 Ke4 68. Kf2 f3 69. Kf1 Kf5 70. Kg1 Kg5 71. Kf1
Kf4 72. Kf2 Ke4 73. Kf1 Ke3 74. Ke1 f2+ 75. Kf1 1/2-1/2

[Event "Slavik 2003"]
[Site "?"]
[Date "2003.06.21"]
[Round "6.5"]
[White "Hlavaeek"]
[Black "Vymital"]
[Result "0-1"]
[WhiteElo "1250"]
[BlackElo "1863"]
[PlyCount "70"]
[EventDate "2003.06.18"]

{1MB, Fritz4.ctg
} 1. e4 e6 2. d4 d5 3. exd5 exd5 4. Nf3 Nf6 5. Nc3 Bd6 6. Bg5
c6 7. Bd3 Bg4 8. Qe2+ Qe7 9. Bxf6 Qxe2+ 10. Bxe2 gxf6 11. O-O-O Nd7 12. h3 Bh5
13. g4 Bg6 14. Rde1 O-O-O 15. a4 Bb4 16. h4 Nb6 17. Nd2 h6 18. Ndb1 Rde8 19.
Kd1 Re7 20. Bf3 Rhe8 21. Rxe7 Rxe7 22. Na2 Bd6 23. b3 Bf4 24. Nac3 Kd7 25. Ne2
Bc7 26. Nd2 Nc8 27. c4 dxc4 28. Nxc4 Nd6 29. d5 cxd5 30. Bxd5 Ne4 31. Rf1 Kc8
32. f3 Nc5 33. Nd2 Rd7 34. b4 Rxd5 35. bxc5 Ba5 0-1

[Event "Slavik 2003"]
[Site "?"]
[Date "2003.06.21"]
[Round "6.6"]
[White "Prokopec"]
[Black "Mureek"]
[Result "1-0"]
[WhiteElo "1680"]
[BlackElo "1597"]
[PlyCount "103"]
[EventDate "2003.06.18"]

{1MB, Fritz4.ctg
} 1. e4 e5 2. Nf3 Nc6 3. Bb5 Nf6 4. O-O d6 5. Re1 Bd7 6. c3
Be7 7. d4 a6 8. Ba4 O-O 9. Nbd2 b5 10. Bc2 Re8 11. Nf1 Bg4 12. Re3 Nd7 13. h3
Bxf3 14. Rxf3 exd4 15. cxd4 Bf6 16. Be3 Rc8 17. Rg3 Ne7 18. f4 g6 19. Nh2 Bg7
20. Qd2 Nb6 21. Bb3 d5 22. e5 Nf5 23. Rf3 Nxe3 24. Qxe3 Qe7 25. f5 f6 26. fxg6
hxg6 27. Qe4 fxe5 28. Bxd5+ Nxd5 29. Qxd5+ Qe6 30. Qxe6+ Rxe6 31. dxe5 Rxe5 32.
Rf2 Rce8 33. Kf1 Re4 34. Rc1 Bd4 35. Ng4 Rxg4 36. hxg4 Bxf2 37. Kxf2 Rc8 38.
Rc6 a5 39. Rxg6+ Kf7 40. Rg5 c5 41. Re5 Kf6 42. Rf5+ Ke6 43. Kf3 b4 44. b3 Kd6
45. g5 Kc6 46. g6 Rg8 47. Rf6+ Kb5 48. Kg4 a4 49. Kg5 axb3 50. axb3 Rd8 51. g7
Rd3 52. g4 1-0

[Event "Slavik 203"]
[Site "?"]
[Date "2003.06.21"]
[Round "6.8"]
[White "Dvooak , Petr"]
[Black "Doležal"]
[Result "1-0"]
[WhiteElo "1604"]
[BlackElo "1250"]
[PlyCount "38"]
[EventDate "2003.06.21"]

{1MB, Fritz4.ctg
} 1. e4 e5 2. Nf3 Nc6 3. Bb5 a6 4. Ba4 Nf6 5. O-O Bc5 6. Re1
O-O 7. c3 d5 8. exd5 Nxd5 9. Bxc6 bxc6 10. Nxe5 Qd6 11. d4 Bb6 12. c4 Ba5 13.
c5 Qf6 14. Re2 Nf4 15. Bxf4 Qxf4 16. Nxc6 Bg4 17. f3 Bxf3 18. gxf3 Qxf3 19. Ne5
Qh5 1-0

[Event "Slavik 2003"]
[Site "?"]
[Date "2003.06.21"]
[Round "6.10"]
[White "Bouda"]
[Black "Rysavy, Jindoich"]
[Result "1-0"]
[WhiteElo "1308"]
[BlackElo "1100"]
[PlyCount "65"]
[EventDate "2003.06.18"]

{1MB, Fritz4.ctg
} 1. c4 e5 2. Nf3 Nc6 3. d4 d6 4. d5 Nce7 5. g3 Bg4 6. Bg2 g6
7. e4 Nf6 8. Nc3 Qd7 9. h3 Bxf3 10. Qxf3 Bg7 11. Bg5 Neg8 12. O-O O-O-O 13. a4
h6 14. Be3 h5 15. Bxa7 Bh6 16. Be3 Bxe3 17. Qxe3 c6 18. a5 h4 19. g4 Kc7 20.
Qb6+ Kc8 21. a6 Qc7 22. axb7+ Kd7 23. dxc6+ Qxc6 24. Qxc6+ Kxc6 25. Ra7 Ne7 26.
Rfa1 Rb8 27. R1a6+ Kd7 28. Nb5 g5 29. Rxd6+ Ke8 30. Rxf6 Ng6 31. c5 Ke7 32. Rc6
f6 33. Rc7+ 1-0

[Event "Slavik 2003"]
[Site "?"]
[Date "2003.06.21"]
[Round "6.11"]
[White "Danik, Roman"]
[Black "Rysavy, Jan"]
[Result "0-1"]
[WhiteElo "1000"]
[BlackElo "1250"]
[PlyCount "44"]
[EventDate "2003.06.18"]

{1MB, Fritz4.ctg
} 1. e4 e5 2. Nf3 Nc6 3. d3 Nf6 4. Nc3 Bb4 5. Bd2 d6 6. a3
Ba5 7. Nd5 Bxd2+ 8. Qxd2 Nxd5 9. exd5 Nd4 10. c3 Nb3 11. Qd1 Nxa1 12. Qxa1 O-O
13. d4 exd4 14. Nxd4 Re8+ 15. Kd1 c5 16. Bd3 cxd4 17. Qb1 dxc3 18. Bxh7+ Kh8
19. h4 cxb2 20. Kc2 Re2+ 21. Kb3 Qb6+ 22. Ka4 Bd7# 0-1

[Event "Slavik 2003 "]
[Site "?"]
[Date "2003.06.21"]
[Round "7.6"]
[White "Rozsypalek"]
[Black "Bouda"]
[Result "1-0"]
[WhiteElo "1670"]
[BlackElo "1308"]
[PlyCount "89"]
[EventDate "2003.06.19"]

{1MB, Fritz4.ctg
} 1. d4 Nf6 2. c4 g6 3. Nc3 Bg7 4. e3 d6 5. Nf3 O-O 6. Bd3
Re8 7. O-O e5 8. dxe5 dxe5 9. e4 b6 10. Bg5 Bg4 11. Bxf6 Qxf6 12. Be2 Nc6 13.
a3 Rad8 14. Nd5 Qd6 15. Ne3 Bxf3 16. Bxf3 Qxd1 17. Raxd1 Nd4 18. Rfe1 Nxf3+ 19.
gxf3 Bf8 20. Nd5 Kg7 21. Nxc7 Rxd1 22. Rxd1 Rc8 23. Rd7 a5 24. Ne6+ Kf6 25.
Nxf8 Rxf8 26. Rb7 Rc8 27. Rxb6+ Kg5 28. b4 axb4 29. Rxb4 Kf6 30. a4 Ke6 31. a5
Kd6 32. a6 Kc5 33. Rb7 Ra8 34. Rxf7 Rxa6 35. Rxh7 Rc6 36. Rd7 Kxc4 37. Kg2 Kc5
38. Rd1 Rd6 39. Rxd6 Kxd6 40. Kg3 Ke6 41. Kg4 Kf6 42. f4 exf4 43. Kxf4 g5+ 44.
Kg4 Ke5 45. Kxg5 1-0

[Event "Slavik 2003"]
[Site "?"]
[Date "2003.06.21"]
[Round "7.7"]
[White "Dvooak"]
[Black "Hlavaeek"]
[Result "1-0"]
[WhiteElo "1604"]
[BlackElo "1250"]
[PlyCount "29"]
[EventDate "2003.06.18"]

{1MB, Fritz4.ctg
} 1. e4 e5 2. Nf3 Nc6 3. Bb5 a6 4. Ba4 Nf6 5. O-O b5 6. Bb3
d6 7. Ng5 d5 8. exd5 Nxd5 9. Qf3 Be6 10. Nxe6 fxe6 11. Nc3 Nce7 12. Re1 Qd6 13.
Ne4 Qd8 14. Ng5 Nf5 15. Nxe6 1-0

[Event "Slavik 2003"]
[Site "?"]
[Date "2003.06.21"]
[Round "7.9"]
[White "Mureek"]
[Black "Doležal"]
[Result "1-0"]
[WhiteElo "1597"]
[BlackElo "1250"]
[PlyCount "45"]
[EventDate "2003.06.18"]

{1MB, Fritz4.ctg
} 1. e4 e5 2. Nf3 Nc6 3. Bc4 Bc5 4. b4 Bxb4 5. c3 Ba5 6. d4
exd4 7. O-O dxc3 8. Qb3 Qf6 9. e5 Nxe5 10. Re1 d6 11. Nxe5 dxe5 12. Qb5+ Bd7
13. Qxa5 Ne7 14. Nxc3 O-O 15. Nd5 Nxd5 16. Qxd5 Bc6 17. Qd3 Rad8 (17... e4 18.
Qe2 Qxa1 19. Bb2 Qxe1+ 20. Qxe1) 18. Qg3 Rd4 19. Bb3 Rfd8 20. Bb2 Rd3 21. f3
Rd2 22. Bc1 R2d6 23. Bg5 1-0

[Event "Slavik 2003"]
[Site "?"]
[Date "2003.06.21"]
[Round "7.10"]
[White "Rysavy, Jan"]
[Black "Rysavy, Jindoich"]
[Result "1-0"]
[WhiteElo "1250"]
[BlackElo "1100"]
[PlyCount "45"]
[EventDate "2003.06.18"]

{1MB, Fritz4.ctg
} 1. e4 e5 2. Nf3 Nc6 3. Nc3 Nf6 4. Bb5 Bb4 5. d3 d6 6. O-O
a6 7. Ba4 b5 8. Bb3 O-O 9. Bg5 Re8 10. Nd5 Be6 11. c3 Ba5 12. d4 Bxd5 13. exd5
Ne7 14. Nh4 Qd7 15. Qf3 Ng4 16. h3 Nh6 17. Bxh6 gxh6 18. Bc2 Ng6 19. Nf5 b4 20.
cxb4 Bxb4 21. Ng3 Rac8 22. Ne4 f5 23. Nf6+ 1-0

[Event "Slavik 2003"]
[Site "?"]
[Date "2003.06.21"]
[Round "7.11"]
[White "Antos"]
[Black "Danik, Roman"]
[Result "0-1"]
[WhiteElo "1513"]
[BlackElo "1000"]
[PlyCount "109"]
[EventDate "2003.06.18"]

{1MB, Fritz4.ctg
} 1. b4 e5 2. Bb2 Nc6 3. b5 Nce7 4. Bxe5 d6 5. Bb2 a6 6. c4
axb5 7. cxb5 Ra5 8. e4 c5 9. Bc3 Ra8 10. a4 Nf6 11. d3 Bg4 12. f3 Bh5 13. Nh3
d5 14. g4 Bg6 15. Nf4 dxe4 16. Nxg6 hxg6 17. fxe4 Rh4 18. Be2 Qc7 19. e5 Nfd5
20. Bb2 Ne3 21. Qd2 N7d5 22. Bf3 Qd7 23. Qf2 g5 24. h3 Be7 25. Bc1 Qe6 26. Bxe3
Qxe5 27. Bxd5 Qxd5 28. Qf1 Qe5 29. Qf3 Qxa1 30. Ke2 Qb2+ 31. Nd2 Rh6 32. Qxb7
Rxa4 33. Qc8+ Bd8 34. Qxc5 Ba5 35. Qc8+ Bd8 36. Bxg5 Rd6 37. Rb1 Qe5+ 38. Be3
Qh2+ 39. Bf2 Rf4 40. Rf1 Re6+ 41. Ne4 Qxh3 42. Kd2 Qxf1 43. Qb8 Rxg4 44. Nd6+
Kd7 45. Ne4 Ba5+ 46. Ke3 f5 47. Qb7+ Ke8 48. Qc8+ Bd8 49. Qxe6+ Be7 50. Qxf5
Qc1+ 51. Nd2 Bg5+ 52. Kf3 Rd4 53. Bxd4 Bxd2 54. Qe6+ Kd8 55. Bb6+ 0-1

[Event "Slavik 2003"]
[Site "?"]
[Date "2003.06.21"]
[Round "7.1"]
[White "Vymital"]
[Black "Brazdil"]
[Result "1-0"]
[WhiteElo "1863"]
[BlackElo "2167"]
[PlyCount "91"]
[EventDate "2003.06.18"]

{1MB, Fritz4.ctg
} 1. e4 Nf6 2. e5 Nd5 3. d4 d6 4. c4 Nb6 5. exd6 cxd6 6. Nc3
g6 7. Bd3 Bg7 8. Nge2 Nc6 9. Be3 Nb4 10. b3 Nxd3+ 11. Qxd3 Bf5 12. Qd2 O-O 13.
O-O Rc8 14. Rac1 d5 15. c5 Na8 16. Bh6 Nc7 17. Bxg7 Kxg7 18. Rfe1 Re8 19. Ng3
Qd7 20. Re3 h5 21. Nxf5+ Qxf5 22. Re5 Qd7 23. Rxh5 Rh8 24. Rxh8 Rxh8 25. Re1
Rh5 26. Qe3 Ne6 27. Ne2 Qc7 28. g3 Qa5 29. Ra1 Qc7 30. b4 Qd7 31. a4 Ng5 32. h4
Ne4 33. f3 Ng5 34. hxg5 Qh3 35. Kf2 Qh2+ 36. Ke1 Qh1+ 37. Qg1 Qxf3 38. Kd2 Qb3
39. Qb1 Qf3 40. Qd3 Qg4 41. Qe3 Rh2 42. Rf1 Qd7 43. b5 a6 44. Qe5+ Kg8 45. Qb8+
Kg7 46. Qf4 1-0

[Event "Slavik 2003"]
[Site "?"]
[Date "2003.06.21"]
[Round "7.2"]
[White "Stec"]
[Black "Martisek"]
[Result "1/2-1/2"]
[WhiteElo "2055"]
[BlackElo "1759"]
[PlyCount "53"]
[EventDate "2003.06.18"]

{1MB, Fritz4.ctg
} 1. c4 Nf6 2. Nc3 g6 3. e4 d6 4. d4 Bg7 5. Nf3 O-O 6. Be2 e5
7. O-O Nc6 8. d5 Ne7 9. Ne1 Ne8 10. Nd3 f5 11. f3 f4 12. Bd2 g5 13. c5 h5 14.
b4 Rf7 15. a4 Bf8 16. a5 Rg7 17. b5 g4 18. b6 a6 19. Qb3 Kh8 20. bxc7 Qxc7 21.
Na4 gxf3 22. Bxf3 Bg4 23. Rac1 Nc8 24. Nb6 Nxb6 25. axb6 Qd8 26. Bxg4 hxg4 27.
cxd6 1/2-1/2

[Event "Slavik 2003"]
[Site "?"]
[Date "2003.06.21"]
[Round "7.3"]
[White "Konopecky"]
[Black "Baeak, Martin"]
[Result "1/2-1/2"]
[WhiteElo "1981"]
[BlackElo "1995"]
[PlyCount "63"]
[EventDate "2003.06.18"]

{1MB, Fritz4.ctg
} 1. g3 d5 2. Bg2 c6 3. d4 Nf6 4. Nc3 Nbd7 5. Bf4 e6 6. Nf3
Qb6 7. Qc1 Bb4 8. O-O O-O 9. Nd1 Ne4 10. Ne3 Be7 11. Ng4 c5 12. Be3 f6 13. h4
Qb5 14. Re1 c4 15. c3 a5 16. Nd2 Nd6 17. f3 a4 18. a3 f5 19. Nf2 Nf6 20. Bg5
Bd7 21. e4 fxe4 22. fxe4 Nc8 23. Nf3 dxe4 24. Nxe4 Nxe4 25. Rxe4 Bc6 26. Re5
Bd5 27. Bxe7 Nxe7 28. Ng5 Ng6 29. Re2 Bxg2 30. Kxg2 e5 31. Qe3 Qd5+ 32. Qe4
1/2-1/2

[Event "Slavik 2003"]
[Site "?"]
[Date "2003.06.21"]
[Round "7.4"]
[White "Petr"]
[Black "Zavodsky"]
[Result "1/2-1/2"]
[WhiteElo "1649"]
[BlackElo "1773"]
[PlyCount "102"]
[EventDate "2003.06.18"]

{1MB, Fritz4.ctg
} 1. e4 c5 2. c3 d5 3. exd5 Qxd5 4. d4 cxd4 5. cxd4 Nc6 6.
Nf3 e6 7. Nc3 Qd8 8. Be2 Nf6 9. O-O Be7 10. Bf4 O-O 11. Re1 Nb4 12. a3 Nbd5 13.
Be5 Bd7 14. Bd3 Nxc3 15. bxc3 h6 16. Qd2 Nh7 17. Bf4 Bg5 18. Bxh7+ Kxh7 19.
Bxg5 hxg5 20. Nxg5+ Kg8 21. f4 Qf6 22. Nf3 Bc6 23. Ne5 Rac8 24. Rab1 Qe7 25.
Nxc6 Rxc6 26. Qb2 Qd6 27. g3 b6 28. Rbc1 Rfc8 29. Re3 Rc4 30. Kf2 Qc6 31. Qb3
Rxd4 32. cxd4 Qxc1 33. Re2 Qc3 34. Qxc3 Rxc3 35. Re3 Rxe3 36. Kxe3 Kf8 37. Ke4
Ke7 38. d5 b5 39. g4 a5 40. h4 b4 41. axb4 axb4 42. dxe6 Kxe6 43. h5 b3 44. Kd3
Kd5 45. g5 Ke6 46. Kc3 (46. h6 gxh6 47. gxh6 Kf6 48. f5) 46... Kf5 47. Kxb3 f6
48. gxf6 (48. g6) 48... Kxf6 49. Kc3 Kf5 50. Kd3 Kxf4 51. h6 gxh6 1/2-1/2

[Event "Level=10'/40+10'/40+0'0. "]
[Site "?"]
[Date "2003.06.22"]
[Round "7.5"]
[White "Danik, Libor"]
[Black "Prokopec"]
[Result "1/2-1/2"]
[WhiteElo "1949"]
[BlackElo "1680"]
[PlyCount "40"]
[EventDate "2003.06.21"]

{1MB, Fritz4.ctg
} 1. e4 e5 2. Nf3 Nc6 3. Bc4 Bc5 4. c3 Nf6 5. d4 exd4 6. O-O
d6 7. cxd4 Bb6 8. Bg5 Bg4 9. Bb5 O-O 10. Bxc6 bxc6 11. Nc3 Bxf3 12. gxf3 Re8
13. f4 c5 14. Nd5 Rxe4 15. Bxf6 gxf6 16. Qg4+ Kh8 17. Qh4 Qg8+ 18. Kh1 Qg6 19.
Ne3 Rxd4 20. f3 Qg5 1/2-1/2

[Event "Slavik 2003 "]
[Site "?"]
[Date "2003.06.21"]
[Round "7.8"]
[White "Dopita"]
[Black "Dubina"]
[Result "1-0"]
[WhiteElo "1401"]
[BlackElo "1502"]
[PlyCount "63"]
[EventDate "2003.06.19"]

{1MB, Fritz4.ctg
} 1. d4 d5 2. c4 e6 3. Nc3 Nf6 4. Bg5 Nbd7 5. e3 c6 6. Nf3
Qa5 7. cxd5 cxd5 8. Bd3 Bb4 9. Qc2 O-O 10. O-O h6 11. Bh4 Ne8 12. a3 Bd6 13.
Nb5 f6 14. Nxd6 Nxd6 15. Rfc1 Qd8 16. Bg3 Nf7 17. Qc7 Qxc7 18. Rxc7 b6 19. Rac1
Rd8 20. Nh4 Nf8 21. Ng6 Nxg6 22. Bxg6 Nh8 23. Bd3 Bd7 24. Ba6 Kf8 25. Bb7 Rab8
26. Bc6 Ke8 27. Bxd7+ Kf8 28. Rxa7 Ra8 29. Rxa8 Rxa8 30. Bxe6 Rd8 31. Rc6 Ng6
32. Rxb6 1-0

[Event "Slavik 2003"]
[Site "?"]
[Date "2003.06.22"]
[Round "8.1"]
[White "Stec"]
[Black "Vymital"]
[Result "1-0"]
[WhiteElo "2055"]
[BlackElo "1863"]
[PlyCount "80"]
[EventDate "2003.06.18"]

{1MB, Fritz4.ctg
} 1. c4 Nf6 2. Nc3 g6 3. d4 Bg7 4. Bg5 O-O 5. Nf3 d6 6. e3
Nbd7 7. Be2 c6 8. O-O h6 9. Bh4 g5 10. Bg3 Nh5 11. Qc2 Nxg3 12. hxg3 e5 13.
Rfd1 Qe7 14. Rac1 Re8 15. dxe5 dxe5 16. Ne4 Nc5 17. Nd6 Rd8 18. Nxc8 Raxc8 19.
b4 Ne6 20. a3 a5 21. c5 axb4 22. axb4 Ra8 23. Nd2 Nc7 24. Ne4 Ne8 25. g4 Qc7
26. Bc4 b6 27. Qb3 bxc5 28. bxc5 Rdb8 29. Qd3 Rd8 30. Qe2 Ra4 31. Rxd8 Qxd8 32.
Qc2 Ra7 33. Qb3 Qc7 34. Rb1 Bf8 35. Qb8 Qd7 36. Qxe8 Qxe8 37. Nf6+ Kh8 38. Nxe8
Bxc5 39. Rb8 e4 40. Nd6+ Kg7 1-0

[Event "Slavik 2003"]
[Site "?"]
[Date "2003.06.22"]
[Round "9.2"]
[White "Baeak, Martin"]
[Black "Martisek"]
[Result "1-0"]
[WhiteElo "1995"]
[BlackElo "1759"]
[PlyCount "79"]
[EventDate "2003.06.18"]

{1MB, Fritz4.ctg
} 1. e4 e5 2. Nf3 Nc6 3. Bb5 a6 4. Ba4 Nf6 5. O-O Be7 6. Re1
b5 7. Bb3 d6 8. c3 O-O 9. h3 Na5 10. Bc2 c5 11. d4 Qc7 12. Nbd2 Bb7 13. d5 Rfe8
14. Nf1 b4 15. Ng3 g6 16. Bh6 Bf8 17. Qd2 Nc4 18. Qc1 bxc3 19. bxc3 Reb8 20.
Bxf8 Kxf8 21. Qh6+ Kg8 22. Nf5 Ne8 23. Ng3 f6 24. Bb3 Na5 25. Ba4 Ng7 26. Nd2
Bc8 27. Qh4 f5 28. exf5 Nxf5 29. Qf6 Qe7 30. Nge4 Rb6 31. g4 Qxf6 32. Nxf6+ Kf7
33. Nxh7 Ne7 34. Ng5+ Kg7 35. c4 Rb2 36. Nge4 Rb4 37. Bb3 Nxb3 38. axb3 a5 39.
Nxd6 Bd7 40. Rxe5 1-0

[Event "Slavik 2003 "]
[Site "?"]
[Date "2003.06.22"]
[Round "8.3"]
[White "Brazdil"]
[Black "Konopecky"]
[Result "0-1"]
[WhiteElo "2167"]
[BlackElo "1981"]
[PlyCount "119"]
[EventDate "2003.06.19"]

{1MB, Fritz4.ctg
} 1. e4 c5 2. Nf3 d6 3. d4 cxd4 4. Nxd4 Nf6 5. Nc3 Nc6 6. f3
g6 7. Be3 Bg7 8. Qd2 O-O 9. Bc4 a6 10. O-O-O Ne5 11. Bb3 b5 12. h4 h5 13. g4
hxg4 14. h5 Nxh5 15. Bh6 e6 16. Bxg7 Kxg7 17. fxg4 Nxg4 18. Rdg1 Ngf6 19. Qg5
Qe8 20. Rxh5 Nxh5 21. Qxh5 Rh8 22. Qg5 Qd8 23. Qg2 Qf6 24. Nde2 Bd7 25. Rf1 Qe5
26. Qf2 Be8 27. Nf4 Rh6 28. Nd3 Qg5+ 29. Kb1 Qe7 30. e5 d5 31. Ne2 a5 32. c3 b4
33. cxb4 axb4 34. Nef4 Bb5 35. Re1 Rah8 36. Nxb4 Rh1 37. Bd1 g5 38. Qg3 Kf8 (
38... Rxe1 39. Nxe6+ Qxe6 40. Qxe1 Rh2) 39. Nh5 R8xh5 40. Bxh5 Rxh5 41. a3 Kg7
42. Rg1 Kg6 43. Nc2 f5 44. Nd4 Bd7 45. Ne2 Kh6 46. Ka2 Qc5 47. Kb1 Qc4 48. Nc3
d4 49. Na2 Ba4 50. Nb4 Qe2 51. b3 f4 52. Qe1 Qxe1+ 53. Rxe1 Bxb3 54. Nd3 Rh2
55. Kc1 Ra2 56. Kb1 Rg2 57. Kc1 f3 58. Rf1 g4 59. Nf4 Rh2 60. a4 0-1

[Event "Level=10'/40+10'/40+0'0. "]
[Site "?"]
[Date "2003.06.22"]
[Round "8.4"]
[White "Zavodsky"]
[Black "Rozsypalek"]
[Result "1-0"]
[WhiteElo "1773"]
[BlackElo "1670"]
[PlyCount "131"]
[EventDate "2003.06.21"]

{1MB, Fritz4.ctg
} 1. d4 e6 2. c4 b6 3. Nf3 Bb7 4. e3 Nf6 5. Nc3 Bb4 6. Bd2 a6
7. a3 Bxc3 8. Bxc3 d6 9. b4 Nbd7 10. Be2 Ne4 11. Bb2 Ng5 12. Rc1 Qf6 13. Nxg5
Qxg5 14. Bf3 Bxf3 15. Qxf3 O-O 16. Qc6 Qd8 17. O-O h6 18. Rfd1 Nf6 19. e4 Qd7
20. Qxd7 Nxd7 21. f3 Rfd8 22. Kf2 Rab8 23. d5 e5 24. g4 a5 25. h4 Ra8 26. Ra1
Kh7 27. Bc3 Rdb8 28. Rdb1 a4 29. Bd2 Rb7 30. Ke3 Rc8 31. Kd3 Rbb8 32. Be3 f6
33. Rg1 g5 34. Rh1 Kg7 35. Ra2 Rh8 36. Kc3 Nf8 37. Rb2 Ng6 38. h5 Nf8 39. c5 b5
40. cxd6 cxd6 41. Kd3 Nd7 42. Rc1 Rhc8 43. Rbc2 Rxc2 44. Rxc2 Kf7 45. Rc7 Ke7
46. Ba7 Ra8 47. Bb6 Ke8 48. Rc6 Rb8 49. Bc7 Rc8 50. Bxd6 Rxc6 51. dxc6 Nb6 52.
c7 Nc8 53. Bc5 Kf7 54. Ke3 Ke8 55. Kf2 Kf7 56. Kg3 Ke8 57. f4 gxf4+ 58. Kf3 Kf7
59. g5 hxg5 60. Kg4 Kg7 61. Kf5 Kh6 62. Kxf6 f3 63. Kxe5 Kxh5 64. Kf5 Kh4 65.
Bf2+ Kh5 66. Ke6 1-0

[Event "Slavik 2003"]
[Site "?"]
[Date "2003.06.22"]
[Round "8.5"]
[White "Danik, Libor"]
[Black "Petr"]
[Result "1-0"]
[WhiteElo "1949"]
[BlackElo "1649"]
[PlyCount "59"]
[EventDate "2003.06.18"]

{1MB, Fritz4.ctg
} 1. e4 e5 2. Nf3 Nc6 3. Bc4 Nf6 4. d3 Bc5 5. Nc3 d6 6. Bg5
h6 7. Bh4 g5 8. Bg3 Bg4 9. h4 Nh5 10. hxg5 Nxg3 11. fxg3 h5 12. Qd2 Ne7 13.
O-O-O Qd7 14. Rdf1 Be6 15. Bxe6 Qxe6 16. Nh4 Rg8 17. Nf5 O-O-O 18. Rxh5 Rh8 19.
Nxe7+ Qxe7 20. Nd5 Qe6 21. Rh6 Rxh6 22. gxh6 Qg4 23. Rxf7 c6 24. Rg7 Qh5 25.
Ne7+ Kb8 26. c3 Rf8 27. Nf5 Rh8 28. Kc2 d5 29. g4 Qe8 30. Qg5 1-0

[Event "Slavik 2003"]
[Site "?"]
[Date "2003.06.22"]
[Round "8.6"]
[White "Prokopec"]
[Black "Dopita"]
[Result "0-1"]
[WhiteElo "1680"]
[BlackElo "1401"]
[PlyCount "76"]
[EventDate "2003.06.18"]

{1MB, Fritz4.ctg
} 1. e4 Nf6 2. e5 Nd5 3. d4 d6 4. f4 dxe5 5. fxe5 Bf5 6. Bd3
Bxd3 7. Qxd3 e6 8. Nf3 Be7 9. O-O O-O 10. c3 c5 11. Nbd2 cxd4 12. cxd4 Nc6 13.
a3 a6 14. Ne4 h6 15. Ne1 Bh4 16. Bd2 Bxe1 17. Raxe1 Nde7 18. Bxh6 Qxd4+ 19.
Qxd4 Nxd4 20. Bg5 Nd5 21. Nd6 b5 22. Be3 (22. Re4 Nb3 23. Rg4 Ra7 24. Rf3)
22... Nc2 23. Bc5 Nxe1 24. Rxe1 Rfd8 25. Rf1 Rd7 26. Rf3 Nc7 27. h3 Ne8 28. Rc3
Rc7 29. Nxe8 Rxe8 30. Bb4 Rxc3 31. Bxc3 Rd8 32. Kf2 Rd3 33. Ke2 Rg3 34. Kf2 Rd3
35. Ke2 Rd5 36. Ke1 Kh7 37. Ke2 Kg6 38. h4 Kh5 0-1

[Event "Slavik  2003"]
[Site "?"]
[Date "2003.06.22"]
[Round "8.7"]
[White "Mureek"]
[Black "Dvooak, Petr"]
[Result "1/2-1/2"]
[WhiteElo "1597"]
[BlackElo "1604"]
[PlyCount "54"]
[EventDate "2003.06.22"]

{1MB, Fritz4.ctg
} 1. e4 c5 2. Nf3 Nc6 3. d4 cxd4 4. Nxd4 Nf6 5. Nc3 e5 6.
Ndb5 d6 7. Bd3 a6 8. Na3 d5 9. exd5 Nxd5 10. Nxd5 Qxd5 11. O-O Bxa3 12. bxa3
Be6 13. Rb1 Rb8 14. Re1 O-O 15. Bb2 f5 16. Qe2 Rbe8 17. f3 Qc5+ 18. Qe3 Qxe3+
19. Rxe3 Bxa2 20. Rbe1 f4 21. R3e2 Na5 22. Rxe5 Rxe5 23. Rxe5 Nc4 24. Bxc4+
Bxc4 25. Bc1 h6 26. Re4 Ba2 27. Rxf4 Rc8 1/2-1/2

[Event "Slavik 2003"]
[Site "?"]
[Date "2003.06.22"]
[Round "8.8"]
[White "Palasek"]
[Black "Bouda"]
[Result "0-1"]
[WhiteElo "1100"]
[BlackElo "1309"]
[PlyCount "78"]
[EventDate "2003.06.18"]

{1MB, Fritz4.ctg
} 1. e4 c5 2. Nf3 d6 3. d4 cxd4 4. Nxd4 Nf6 5. Nc3 a6 6. Bg5
e5 7. Nf3 Be7 8. Bc4 Qb6 9. O-O Qxb2 10. Qd3 Qb6 11. Rab1 Qc7 12. Bxf6 Bxf6 13.
Nd5 Qd8 14. Bb3 O-O 15. Ba4 b5 16. Bb3 Bb7 17. Rfd1 Bxd5 18. Qxd5 Ra7 19. Rd3
Qd7 20. Rbd1 Be7 21. c4 Nc6 22. cxb5 Nb4 23. Qc4 Nxd3 24. Qxd3 axb5 25. Ne1 Rc7
26. Bc2 Qc6 27. f4 Qc4 28. Qd2 Qxa2 29. Qd3 Qc4 30. Qd2 h6 31. Rc1 Qd4+ 32. Qf2
Qxf2+ 33. Kxf2 exf4 34. e5 dxe5 35. Bh7+ Kxh7 36. Rxc7 Bd6 37. Rb7 b4 38. Rb6
Bc5+ 39. Ke2 Bxb6 0-1

[Event "Slavik 2003"]
[Site "?"]
[Date "2003.06.22"]
[Round "8.9"]
[White "Hlavaeek"]
[Black "Rysavy, Jan"]
[Result "1-0"]
[WhiteElo "1250"]
[BlackElo "1250"]
[PlyCount "43"]
[EventDate "2003.06.18"]

{1MB, Fritz4.ctg
} 1. e4 e5 2. Nf3 Nc6 3. Bb5 Nf6 4. O-O Be7 5. d3 O-O 6. Bxc6
dxc6 7. Nxe5 Qd4 8. Nf3 Qb6 9. Nc3 Bc5 10. d4 Bd6 11. e5 Be7 12. exf6 Bxf6 13.
Re1 c5 14. Na4 Qb4 15. Nxc5 Bf5 16. Nb3 Qc4 17. c3 b6 18. Qe2 Qxe2 19. Rxe2
Rae8 20. Be3 h6 21. Rae1 Re7 22. Bf4 1-0

[Event "Slavik 2003"]
[Site "?"]
[Date "2003.06.22"]
[Round "8.10"]
[White "Doležal"]
[Black "Antos"]
[Result "0-1"]
[WhiteElo "1250"]
[BlackElo "1513"]
[PlyCount "40"]
[EventDate "2003.06.18"]

{1MB, Fritz4.ctg
} 1. e4 g6 2. d4 Bg7 3. f4 d6 4. Nf3 Bg4 5. Be3 Nf6 6. Nc3 c6
7. h3 Bxf3 8. Qxf3 Nbd7 9. O-O-O Nb6 10. Bd3 e6 11. g4 h6 12. e5 Nfd5 13. Nxd5
Nxd5 14. Rhe1 Nxe3 15. Rxe3 d5 16. h4 Qxh4 17. g5 hxg5 18. Rh1 Qxh1+ 19. Qxh1
Rxh1+ 20. Kd2 gxf4 0-1

[Event "Slavik 2003"]
[Site "?"]
[Date "2003.06.22"]
[Round "8.11"]
[White "Dubina"]
[Black "Danik, Roman"]
[Result "1-0"]
[WhiteElo "1502"]
[BlackElo "1000"]
[PlyCount "72"]
[EventDate "2003.06.18"]

{1MB, Fritz4.ctg
} 1. e4 e5 2. Nf3 Nc6 3. Bb5 Nf6 4. Nc3 Bb4 5. O-O Bxc3 6.
dxc3 O-O 7. Bxc6 dxc6 8. Qxd8 Rxd8 9. Bg5 Rf8 10. Bxf6 gxf6 11. h3 f5 12. Rfe1
fxe4 13. Rxe4 f6 14. Nh4 Rd8 15. Re2 Bf5 16. Nxf5 Rd7 17. Ree1 Rad8 18. Ne3 Rd2
19. Rad1 Rxd1 20. Rxd1 Rxd1+ 21. Nxd1 Kg7 22. Ne3 h6 23. g3 Kg6 24. Kg2 h5 25.
Kf3 Kg5 26. g4 h4 27. Ng2 a6 28. Ke3 b6 29. f4+ exf4+ 30. Nxf4 a5 31. Ne6+ Kg6
32. Nxc7 c5 33. c4 Kf7 34. Na8 Ke6 35. Nxb6 Kd6 36. Nd5 f5 1-0

[Event "Level=10'/40+10'/40+0'0. "]
[Site "?"]
[Date "2003.06.22"]
[Round "9.1"]
[White "Konopecky"]
[Black "Stec"]
[Result "0-1"]
[WhiteElo "1981"]
[BlackElo "2055"]
[PlyCount "70"]
[EventDate "2003.06.21"]

{1MB, Fritz4.ctg
} 1. g3 c5 2. Bg2 Nc6 3. Nc3 g6 4. f4 Bg7 5. e4 d6 6. d3 e6
7. Be3 Nge7 8. Nf3 O-O 9. O-O Rb8 10. Qc1 Nd4 11. Bxd4 cxd4 12. Ne2 Qb6 13. b3
Bd7 14. Qd2 Rbc8 15. Nh4 f5 16. exf5 gxf5 17. h3 Bf6 18. Kh2 Kh8 19. Bf3 Rg8
20. Ng2 Bc6 21. Ng1 Nd5 22. Bxd5 Bxd5 23. Rf2 Qc6 24. Rc1 Rg7 25. Rcf1 Rcg8 26.
Ne2 Rc7 27. Ne1 b6 28. Rg1 h5 29. h4 Rcg7 30. Kh3 Rg4 31. Ng2 a5 32. a4 Qc7 33.
Kh2 Qg7 34. Qe1 Rxg3 35. Qf1 Qg4 0-1